A dunaszerdahelyi futball 100 éve 1904-2004

Bibliographic Details
Main Authors: Brányik, Sándor (Author), Sidó, Ferenc, 1923-1998 (Author)
Other Authors: Fogas, Ferenc (Photographer)
Format: Book
Language:Hungarian
PhysicalDescription:316 strán fotografie, portréty 24 cm
Published: Dunaszerdahely NAP Kiadó 2003
ISBN:8089032370
Edition:1. kiad.
Subjects:

MARC

LEADER 00000cam a2200000 a 4500
001 vtls001478128
003 SK-MaSNL
005 20260302073607.0
008 240226s2003 xo oc fr 000 0 hun
015 |a SNBA2003 
020 |a 8089032370  |q (brožované) 
035 |a SNK000433428 
035 |a urn:nbn:sk:snk-am3j2vi 
035 |a 98903971-35C9-4A9C-A939-B300264431EF 
035 |a urn:nbn:sk:snk-am00gkjv 
040 |a SNK  |b slo  |c SNK  |e AACR2 
041 0 |a hun 
043 |a e-xo--- 
044 |a xo  |c SK 
072 7 |a 796  |x Šport. Hry. Telesné cvičenia  |2 konspekt 
080 |a 796.332:061  |2 2001 
080 |a (082.2)  |2 2011 
080 |a (048.8)  |2 2011 
100 1 |a Brányik, Sándor  |4 aut  |9 549103 
245 1 2 |a A dunaszerdahelyi futball 100 éve 1904-2004  |c Brányik Sándor, Sidó Ferenc ; [foto Fogas Ferenc ... [et al.]] 
250 |a 1. kiad. 
260 |a Dunaszerdahely  |b NAP Kiadó  |c 2003 
300 |a 316 strán  |b fotografie, portréty  |c 24 cm 
610 2 7 |a DAC (futbalový klub : Dunajská Streda, Slovensko)  |2 SNKKA  |9 209164 
648 7 |a 1904-2004  |2 SNKPH  |9 319055 
650 0 7 |a futbalové kluby  |2 SNKPH  |9 70395 
655 7 |a jubilejné publikácie  |2 SNKPH  |9 70339 
655 7 |a monografie  |2 SNKPH  |9 70139 
700 1 |a Sidó, Ferenc,  |d 1923-1998  |4 aut  |9 738207 
700 1 |a Fogas, Ferenc  |4 pht  |9 10791 
752 |a Slovensko  |d Dunajská Streda 
919 |a 80-89032-37-0 
958 |a TL 
958 |a HU 
958 |a OND 
999 |c 1161501  |d 1163431 
952 |t P60, <03>, [BOOK], {603}  |a SNK  |b SNK  |y PREZ  |7 0  |p 17A0435911  |o snkSC 116519  |i snkKSP 9080/2004  |0 0  |1 0  |4 0  |d 2004-07-09  |f 1  |l 0  |r 2025-10-16 00:00:00  |w 2026-02-24 
952 |t P60, <04>, [BOOK], {604}  |a SNK  |b SNK  |y VYP  |7 0  |p 17A0435912  |o snkSC 116519 D1  |i snkKSP 9081/2004  |0 0  |1 0  |4 0  |d 2004-07-09  |l 0  |r 2005-01-02 00:00:00  |w 2026-02-24